00754nam a2200241 a 4500001001300000003000900013005001700022008004100039020001000080082001800090100002200108245007300130260004400203300000900247500003500256505001700291650003100308700002200339902000800361942000700369952011900376999001700495nice12345678IN_TiNIC20260116013843.0050524s1995 newa grp 000 0 eng  ac63700a303.4827bALL aAllison, Robert J aCrescent Obscuredb the United States and the Muslim World 1776-1815 aNew YorkbOxford University Pressc1995 a266p aincludes index and biblioraphy2 aIndex, Notes aAfrica-North-relations U S1 aAllison, Robert J bSRS cBK 001040708StackRoom-aHMIbHMId2007-08-01g637.00l0o303.4827 ALLp018945r2007-08-01v637.00w2005-05-24yBK c12831d12831